[Event "Le Mans op"]
[Site "Le Mans "]
[Date "2001.12.29"]
[Round "6"]
[White "Bourgois, Gael"]
[Black "Delamotte, Kieran"]
[Result "0-1"]
[WhiteElo "1610"]
[BlackElo "1199"]
[PlyCount "46"]
[EventDate "2001.12.26"]
[EventType "swiss"]
[EventRounds "9"]
[EventCountry "FRA"]
[SourceTitle "EXT 2008"]
[Source "ChessBase"]
[SourceDate "2007.11.25"]
[SourceVersion "1"]
[SourceVersionDate "2007.11.25"]
[SourceQuality "1"]

1. e4 c5 2. d4 cxd4 3. Nf3 d6 4. c3 Nf6 5. Bd3 g6 6. cxd4 Bg7 7. Nc3 0-0 8. 0-0 Bg4 9. h3 Bxf3 10. Qxf3 Nc6 11. Ne2 Nd7 12. Qe3 Qb6 13. b3 Nxd4 14. Bb2 Nf3+ 15. Qxf3 Bxb2 16. Rad1 Ne5 17. Qg3 Nxd3 18. Rxd3 Bg7 19. Nf4 Qd8 20. Rc1 Bh6 21. Qf3 e5 22. Nd5 Bxc1 23. Nf6+ Kg7 0-1

[Event "Le Mans op"]
[Site "Le Mans "]
[Date "2001.12.28"]
[Round "4"]
[White "Bourgois, Gael"]
[Black "Tessier, Anthony"]
[Result "1-0"]
[WhiteElo "1610"]
[BlackElo "1430"]
[PlyCount "67"]
[EventDate "2001.12.26"]
[EventType "swiss"]
[EventRounds "9"]
[EventCountry "FRA"]
[SourceTitle "EXT 2008"]
[Source "ChessBase"]
[SourceDate "2007.11.25"]
[SourceVersion "1"]
[SourceVersionDate "2007.11.25"]
[SourceQuality "1"]

1. e4 e5 2. Bc4 Nf6 3. d4 Nc6 4. d5 Nd4 5. c3 Bc5 6. cxd4 Bxd4 7. Nf3 Nxe4 8. Nxd4 exd4 9. Qxd4 0-0 10. 0-0 Nf6 11. Bg5 d6 12. Nc3 Bf5 13. Rfe1 h6 14. Bxf6 Qxf6 15. Qxf6 gxf6 16. Re7 c6 17. Rxb7 cxd5 18. Nxd5 Kg7 19. Re1 Rae8 20. Rxe8 Rxe8 21. Ne3 Kg6 22. Bxf7+ Kg5 23. Bxe8 Be4 24. Rxa7 d5 25. Ra5 Kf4 26. Nxd5+ Ke5 27. Nc3+ Kd4 28. Ra4+ Kc5 29. Rxe4 f5 30. Re5+ Kd4 31. f4 h5 32. Bb5 h4 33. Kf2 h3 34. Rd5# 1-0